000
00321nam a2200145Ia 4500
008
170203s9999 xx 000 0 und d
020
_a
0-786834307
050
_a
Fic
050
_b
.L987d 2002
100
_a
Lynn, Anne
245
_a
Disney's Aladdin /
245
_c
Anne Lyn.
260
_c
2002
300
_a
30 pages;
999
_c
306244
_d
306244